01116pam a2200301 i 45000010008000000030004000080050017000120080041000290100017000700200018000870200015001050400018001200500021001380820021001591000034001802450054002142600053002683000035003215000122003565000020004785040030004986500017005286500022005459060045005679420048006129520137006609990017007973654089OSt20231127150305.0761227r1977 nyua b 001 0 eng  a 76057780  a9789383692248 a0882755277 aDLCcDLCdDLC10aQK641b.E32 197700a582.13044bEAM/M aEames, Arthur J d1881-9481210aMorphology of the angiosperms /cArthur J. Eames. aHuntington, N.Y. :bR. E. Krieger,c1977, c1961. axiii, 518 p. :bill. ;c24 cm. aReprint of the ed. published by McGraw-Hill, New York, in series: McGraw-Hill publications in the botanical sciences. aIncludes index. aBibliography: p. 474-475. 0aAngiosperms. 0aPlant morphology. a7bcbccorignewd1eocipf19gy-gencatlg 2ddccBKh582.13044iEAM/Mk582.13044mEAM/M 00102ddc40708ZOOLOGYaMESbMEScZOOd2023-11-27l0o582.13044 EAM/Mp43880r2023-11-27 15:03:56v2495.00w2023-11-27yBKzGL19R1 c43703d43703